000 00325nam a22001457a 4500
003 SGT
082 _a617.7
_bC12R
100 _aRHEE, DOUGLAS
245 _aCOLOR ATLAS & SYNOPSIS OF CLINICAL OPHTHALMOLOGY
250 _a2ND
260 _aINDIA
_bLWW
_c2012
300 _a445
650 _aOPHTHALMOLOGY
942 _2ddc
_cBK
999 _c14714
_d14714